00790nam a22001937a 4500999001900000010001500019020003100034035001400065037001300079082001200092100001900104245008200123260004000205270012800245300002300373500003800396942002600434952013600460 c166973d166973 aENG-126196 a978-93-8546-281-8c1195.00 aEN-109728 bDBAD/PUB a551.480 aRai, Suresh C. aHydrology And Water Resources:cby Suresh C. RaibA Geographical Perspective/ aNew DelhibAne Books Pvt.Ltd.c2017 a4821,Parwana Bhawan 1st Floor 24 Ansari Road, Darya GanjbNew Delhi e110002k+91(011)23276843,2814209manebookschennai.com axvi239p.b24cm(hb) aits include apendix and refrences 2ddccENh551.480mRAI 001040708NFICaAGbAGd2019-08-19eDBAD/PUBg1195.00l1o551.480 RAIpEN-109728r2021-01-18 00:00:00s2021-01-12t1v1195.00yEN